000 01583nam1a2200337 i 4500
001 RU\NLR\BIBL_A\012172287
005 20241104105750.0
010 _a9785759011996
035 _a(NLR Aleph) 012172287
090 _a12246818
_c12246818
100 _a20191225g20199999u y0rusy50 ca
101 0 _arus
102 _aRU
105 _a||||z||||||||
200 1 _aИстория и культура народов Республики Марий Эл
_eинформационно-просветительский сборник
_eв 2 частях
_fА.Г. Иванов, С.К. Свечников
210 _aЙошкар-Ола
_cМарийское книжное изд-во
_d2019
215 _d22
300 _aНа тит. л.: 100 [лет] Марий Эл
300 _aКн. изд. в рамках реализации мероприятий, посвященных 100-летию образования Респ. Марий Эл
333 _a12+
607 _aМарий Эл, Республика
_xИсторико-этнографические исследования
_92112312
_3RU\NLR\AUTH\661579918
686 1 _aТ52(235=М)
686 _aТ3(2Р-6М)47,02
686 1 _aТ3(2Р-6М)5,02
700 1 _7ca
_8rus
_aИванов
_bА. Г.
_cд-р ист. наук
_f1954-
_gАнаний Герасимович
_921688
_3RU\NLR\AUTH\7738704
701 1 _aСвечников
_bС. К.
_gСергей Константинович
852 _aNLR
_j2019-5/10156
942 _cBOOK
980 _aNBR